| 000 | 00446nam a2200145 4500 | ||
|---|---|---|---|
| 008 | 151009b xxu||||| |||| 00| 0 eng d | ||
| 020 | _a1558852131 | ||
| 050 | _aSPE PS 3557.R2827 1997 | ||
| 100 |
_aGrattan-Dominguez , A. _d1997 |
||
| 245 |
_aBreaking even: _cDominguez,Grattan A. |
||
| 260 |
_aTexas: _bArte publico, |
||
| 300 | _a254 p. | ||
| 650 | _aEnglish Fiction. | ||
| 942 |
_2lcc _cSH_L_BOOKS _hSPE PS 3557.R2827 1997 |
||
| 999 |
_c8021 _d8021 |
||